[Event "Sandefjord Caissa Spring Seniors"]
[Site "Sandefjord"]
[Date "2019.04.15"]
[Round "2"]
[White "Tidemann Andersen, Leif"]
[Black "Ringstad, Kjell"]
[Result "1-0"]
[WhiteElo "1588"]
[BlackElo "1461"]
[PlyCount "105"]
[EventDate "2019.01.21"]
[EventType "tourn"]
[EventRounds "7"]
[EventCountry "NOR"]
[SourceTitle "EXT 2024"]
[Source "ChessBase"]
[SourceDate "2023.10.10"]
[SourceVersion "1"]
[SourceVersionDate "2023.10.10"]
[SourceQuality "1"]

1. c4 Nf6 2. Nc3 e6 3. g3 d5 4. Bg2 dxc4 5. Qa4+ c6 6. Qxc4 Be7 7. Nf3 0-0 8. d3 Nbd7 9. 0-0 Nb6 10. Qb3 Qc7 11. Bd2 Rd8 12. Rac1 Rd7 13. Bf4 Qd8 14. Ne5 Rd4 15. e3 Rb4 16. Qc2 Nbd5 17. a3 Rb6 18. Nc4 Ra6 19. Bg5 Nxc3 20. Qxc3 Nd5 21. Bxd5 Bxg5 22. Bg2 Bf6 23. d4 b5 24. Nd2 Bd7 25. Ne4 Be7 26. Qd3 Rb8 27. Nc5 Bxc5 28. Rxc5 Qb6 29. Rfc1 Rc8 30. e4 Qb7 31. d5 Rb6 32. d6 Qa6 33. e5 b4 34. Qxa6 Rxa6 35. axb4 Rb6 36. Ra1 a6 37. Bf1 Rxb4 38. Rxa6 Rxb2 39. Ra7 Rd8 40. Rc7 Rb6 41. Be2 Rb1+ 42. Kg2 Rb6 43. Ra5 Rb2 44. Rxd7 Rf8 45. Bf3 Rb5 46. Rxb5 cxb5 47. Rb7 f6 48. Rxb5 Rd8 49. Bc6 fxe5 50. d7 Kf8 51. Rxe5 Ke7 52. Ba4 Rf8 53. Rc5 1-0